| 000 | 00743cam a2200181 4500 | ||
|---|---|---|---|
| 082 |
_a624.2 _bTAY _cL-19, P-13 |
||
| 100 | 1 |
_aTaylor, Frederick Winslow, _943157 |
|
| 245 | 1 | 0 |
_aReinforced-concrete bridges with formulas applicable to structural steel and concrete, _cby the late Frederick W. Taylor, Sanford E. Thompson and Edward Smulski. |
| 260 |
_aNew York, _bJ. Wiley & Sons, inc.; _aLondon, Chapman & Hall, limited, _c1939. |
||
| 300 |
_axi, 456 p. _billus., diagr. _c24 cm. |
||
| 526 |
_a0 _b0 _c0 _d624_200000000000000_TAY |
||
| 650 | 0 |
_aBridges _xDesign and construction. _9801 |
|
| 650 | 0 |
_aConcrete bridges. _943016 |
|
| 650 | 0 |
_aMCE _9379 |
|
| 700 | 1 |
_aSmulski, Edward, _943159 |
|
| 700 | 1 |
_aThompson, Sanford E. _943160 |
|
| 942 |
_2ddc _cBK |
||
| 999 |
_c547202 _d547202 |
||